Catalog

Record Details

Catalog Search



Available copies

  • 2 of 2 copies available at LARL/NWRL Consortium.

Current holds

0 current holds with 2 total copies.

Show Only Available Copies
Location Call Number / Copy Notes Barcode Shelving Location Status Due Date
Moorhead Public Library WIE (Text) 33500014180301 Main Available -
Moorhead Public Library WIE (Text) 33500014180319 Main Available -

Record details

  • ISBN: 9781538770429
  • ISBN: 1538770423
  • Physical Description: 328 pages ; 21 cm
  • Edition: First Forever edition.
  • Publisher: New York : Forever, 2025.

Content descriptions

General Note:
"Two broken hearts. Two terrible secrets."--Cover.
Summary, etc.:
"An unforgettable and heart-wrenching romance ... Read More
Subject: Man-woman relationships > Fiction.
Homecoming > Fiction.
Life change events > Fiction.
Secrecy > Fiction.
Genre: Romance fiction.
Novels.
LDR 02905cam a22004818i 4500
001454233
003LARL_NWRL_CONSORTIUM
00520250403165517.0
008240830t20252025nyu e 000 1 eng
010 . ‡a 2024039946
040 . ‡aDLC ‡beng ‡erda ‡cDLC ‡dOCLCO ‡dBDX ‡dIG# ‡dSO$ ‡dOCLCO ‡dRNL ‡dOCLCO ‡dIUK
019 . ‡a1464943888
020 . ‡a9781538770429 ‡q(trade paperback)
020 . ‡a1538770423 ‡q(trade paperback)
035 . ‡a(OCoLC)1455337232 ‡z(OCoLC)1464943888
042 . ‡apcc
08200. ‡a813/.6 ‡223/eng/20240830
1001 . ‡aWiesner, Melissa, ‡eauthor.
24510. ‡aIt all comes back to you / ‡cMelissa Wiesner.
250 . ‡aFirst Forever edition.
264 1. ‡aNew York : ‡bForever, ‡c2025.
264 4. ‡c©2025
300 . ‡a328 pages ; ‡c21 cm
336 . ‡atext ‡btxt ‡2rdacontent
337 . ‡aunmediated ‡bn ‡2rdamedia
338 . ‡avolume ‡bnc ‡2rdacarrier
500 . ‡a"Two broken hearts. Two terrible secrets."--Cover.
520 . ‡a"An unforgettable and heart-wrenching romance about a woman haunted by her past and the man who could never let her go. Anna works two jobs to get herself through college and never, ever talks about her family. It's easier to keep her distance from everyone until she can finally leave her old life behind. That is, until chance throws her together with Gabe... Gabe is top of the class, in an exclusive fraternity, and has a big, perfect, warm-hearted family. He is everything Anna is not, but their connection is undeniable. His silver-blue eyes pierce right through her, and he makes her laugh in ways she never thought possible. But Anna would do anything to stop Gabe from discovering her darkest secret and the real reason she goes home every night to a cold, silent apartment. When Gabe and his family get close to the truth, Anna runs, vowing to never see them again. But forever is a long time... Years later, tragedy brings Anna back to the town she grew up in-a place she escaped a decade ago. When Gabe wraps his strong arms around her, it's like finally finding home. But when the truth comes out after all these years, will both their worlds come crashing down? Gabe is the one person Anna trusts most, but what if he has secrets, too? And how much pain can two hearts endure, before they are torn apart forever?"-- ‡cProvided by publisher.
650 0. ‡aMan-woman relationships ‡vFiction. ‡0(LARL_NWRL_CONSORTIUM)165985
650 0. ‡aHomecoming ‡vFiction.
650 0. ‡aLife change events ‡vFiction. ‡0(LARL_NWRL_CONSORTIUM)165934
650 0. ‡aSecrecy ‡vFiction. ‡0(LARL_NWRL_CONSORTIUM)167261
655 7. ‡aRomance fiction. ‡2lcgft
655 7. ‡aNovels. ‡2lcgft
901 . ‡a454233 ‡bOCoLC ‡c454233 ‡tbiblio ‡soclc

Additional Resources